| 000 | 02065nam0a2200337 4500 | ||
|---|---|---|---|
| 001 | RU\NLR\BIBL_A\011880828 | ||
| 005 | 20190129134433.0 | ||
| 021 |
_aRU _bКН-П-18-083171 _9КН-П-18-6013 |
||
| 035 | _a(NLR Aleph) 011880828 | ||
| 035 | _a(RuMoRGB)009797271 | ||
| 090 |
_a12248175 _c12248175 |
||
| 100 | _a20181205d2018 u y0rusy50 ca | ||
| 101 | 0 | _arus | |
| 102 | _aRU | ||
| 105 | _aa|||z|||000zy | ||
| 200 | 1 |
_aЗарубежное регионоведение: Китайская Народная Республика _e(программа для магистров) _fМинистерство науки и высшего образования Российской Федерации, Санкт-Петербургский политехнический университет Петра Великого _g[сост.: З. З. Бахтуридзе, С. Н. Погодин] |
|
| 210 |
_aСанкт-Петербург _cПолитех-пресс _cСанкт-Петербургский политехнический университет Петра Великого _d2018 |
||
| 215 |
_a127 с. _d21 |
||
| 300 | _aНа обл.: 120 Политех Санкт-Петербургский политехнический университет Петра Великого | ||
| 320 | _aБиблиогр. в конце ст. | ||
| 606 | 1 |
_aРегионализм _jУчебные издания для высших учебных заведений _yКитайская Народная Республика _92551179 _3RU\NLR\AUTH\661509606 |
|
| 686 | 1 | _aТ3(5Кит)73я73 | |
| 686 | 1 | _aФ3(5Кит)4я73 | |
| 702 | 1 |
_aБахтуридзе _bЗ. З. _gЗейнаб Зелимхановна _4220 |
|
| 712 | 0 | 2 |
_4475 _aСанкт-Петербургский политехнический университет Петра Великого _9472616 _3RU\NLR\AUTH\880402830 |
| 942 | _cBOOK | ||
| 980 | _aNBR | ||
| 980 | _aNB | ||